| 000 | 01034 a2200313 4500 | ||
|---|---|---|---|
| 003 | Nust | ||
| 005 | 20170207154054.0 | ||
| 010 | _a 2008031703 | ||
| 020 | _a0821376012 | ||
| 020 | _a0821376020 (electronic) | ||
| 020 | _a9780821376010 | ||
| 020 | _a9780821376027 (electronic) | ||
| 035 | _a(OCoLC)230195412 | ||
| 035 | _a(OCoLC)ocn230195412 | ||
| 040 | _cNust | ||
| 082 | 0 | 0 | _a332.63/230954 |
| 100 | 1 | _aSophastienphong, Kiatchai. | |
| 245 | 1 | 0 |
_aSouth Asian bond markets :developing long-term finance for growth(E-BOOK) _cKiatchai Sophastienphong, Yibin Mu, Carlotta Saporito. |
| 260 |
_aWashington, D.C. : _bWorld Bank, _cc2008. |
||
| 300 |
_axxvi, 195 p. : _bill., col. map ; _c23 cm. |
||
| 500 | _aCol. map on p. [2] of cover. | ||
| 650 | 0 |
_aBond market _zSouth Asia. |
|
| 650 | 0 |
_aFinance _zSouth Asia. |
|
| 651 | _aE-BOOK | ||
| 700 | 1 |
_aMu, Yibin, _d1968- |
|
| 700 | 1 |
_aSaporito, Carlotta, _d1981- |
|
| 710 | 2 | _aWorld Bank. | |
| 856 | 4 | 1 |
_3Table of contents only _uhttp://www.loc.gov/catdir/toc/ecip0823/2008031703.html |
| 942 |
_2ddc _cBK |
||
| 999 |
_c193246 _d193246 |
||